00645nam a22001937a 4500003000500000005001700005008004100022010000900063011000900072035000900081040000900090100004200099245012100141260008600262300001800348500001200366650003300378650004000411CHAP20220329133321.0971013s1989 r 00010 d a4810 a5782 a4998 cCHAP00aCastellanos Suárez, José Alfredo. aToma de tierras a la Hacienda de San Antonio por los ejidos del Municipio de Acolman, Estado de México (1935-1940) aChapingo, Méx. :bUACH. Departamento de Trabajos de Campo Universitarios,c1989 a58 p.b: ilus aD54-19314aExpropiación de la tierra.14aTierrasxTenenciazMéxico (Edo.).